000 00450nam a2200157Ia 4500
008 220216s9999 xx 000 0 und d
100 _aKrishnakumar A.K.
245 0 _aRestoration of denuded lands in the North eastern India through rubber plantations
260 _bLeisa India
_c2003
300 _a23-24
650 _aEcological impact
650 _aNorth East India
650 _aRubber cultivation
700 _aMeenattoor J.R.
942 _cBS
999 _c51903
_d51903